00506pam a2200145 a 4500020000500000041000500005082001300010100001900023245006900042260003800111300001700149930000900166999001900175952016600194 c h a750bNOV aFritz Novothy. aPainting and Sculpture In Europe 1780-1880hTextual Documents a[s.l]:bPenguin Books Ltd,c1989. a483:bpaper. a6382 c240172d240172 001040708Text BooksaFAPbFAPd2011-12-17eBhararti Sahakari Grahak Bhandarg1497.60l1o750 NOVpFAP-6741r2024-12-13 00:00:00s2024-12-04t1w2023-03-07yBK